Central Library OPAC University of Rajshahi

Sartre romantic rationalist / (Record no. 31188)

MARC details
000 -LEADER
fixed length control field 00817nam a22002771 4500
001 - CONTROL NUMBER
control field 31188
003 - CONTROL NUMBER IDENTIFIER
rucl marc code BD-RjUL
005 - DATE AND TIME OF LATEST TRANSACTION
control field 20211209051654.0
008 - FIXED-LENGTH DATA ELEMENTS--GENERAL INFORMATION
fixed length control field 140413r19651953enk b 000 0 eng c
035 ## - SYSTEM CONTROL NUMBER
System control number (BD-RjUL)31275
System control number (OCoLC)1214918
040 ## - CATALOGING SOURCE
Original cataloging agency Yale Univ. Library
Transcribing agency FO
Modifying agency BD-RjUL
Language of cataloging eng
041 ## - LANGUAGE CODE
Language code of text/sound track or separate title eng
082 ## - DEWEY DECIMAL CLASSIFICATION NUMBER
Classification number 194.9
Author mark and year MUS 1965
100 1# - MAIN ENTRY--PERSONAL NAME
Personal name Murdoch, Iris.
9 (RLIN) 65317
245 10 - TITLE STATEMENT
Title Sartre romantic rationalist /
Statement of responsibility, etc. Iris Murdoch
260 ## - PUBLICATION, DISTRIBUTION, ETC. (IMPRINT)
Place of publication, distribution, etc. London :
Name of publisher, distributor, etc. Bowes & Bowes,
Date of publication, distribution, etc. 1953 [impression 1965].
300 ## - PHYSICAL DESCRIPTION
Pagination 78 p. ;
Size 19 cm.
490 0# - SERIES STATEMENT
Series statement Studies in modern European literature and thought
504 ## - BIBLIOGRAPHY, ETC. NOTE
Bibliography, etc Include bibliography.
600 10 - SUBJECT ADDED ENTRY--PERSONAL NAME
Personal name Sartre, Jean-Paul,
Dates associated with a name 1905-1980.
650 #0 - SUBJECT ADDED ENTRY--TOPICAL TERM
Topical term or geographic name as entry element Existentialism.
9 (RLIN) 94847
942 ## - ADDED ENTRY ELEMENTS (KOHA)
Source of classification or shelving scheme Dewey Decimal Classification
Koha item type Books
Holdings
Lost status Source of classification or shelving scheme Damaged status Not for loan Collection code Permanent Location Current Location Shelving location Date acquired Source of acquisition Cost, normal purchase price Total Checkouts Full call number Date last seen Copy number Koha item type
  Dewey Decimal Classification     Non-fiction Central Library, University of Rajshahi Central Library, University of Rajshahi   24/03/1966 Zetlinger 12.60   194.9 MUS 1965 13/04/2014 C-7 Books
  Dewey Decimal Classification     Non-fiction Central Library, University of Rajshahi Central Library, University of Rajshahi   24/03/1966 Zetlinger 12.60   194.9 MUS 1965 13/04/2014 C-8 Books